000 00374nam a22001217a 4500
999 _c3409
_d3409
005 20201201104350.0
008 201201b ||||| |||| 00| 0 eng d
020 _a9781510454989
040 _cCML
245 _a2020 Official SQA Past Papers National 5 Mathematics.
_cHodder G.
260 _aUK
_bHodder Gibson
_c2018
942 _2ddc
_cBK
_e1st Edition
_h510
_mNAT